Glencoe mathematics : Applications and connections : Handbook for Texas students
This book includes 13 chapters: Chapter 1: Problem solving, algebra, and geometry; Chapter 2: Applying decimals; Chapter 3: Statistics: analyzing data; Chapter 4: Using number patterns, fractions, and percents; Chapter 5: Algebra: using integers; Chapter 6: Algebra: exploring equations and function...
Kaydedildi:
| Yazar: | |
|---|---|
| Materyal Türü: | Kitap |
| Dil: | Undetermined |
| Baskı/Yayın Bilgisi: |
New York
Glencoe/McGraw-Hill
1999
|
| Konular: | |
| Etiketler: |
Etiketle
Etiket eklenmemiş, İlk siz ekleyin!
|
| Thư viện lưu trữ: | Trung tâm Học liệu Trường Đại học Cần Thơ |
|---|
| LEADER | 01291nam a2200229Ia 4500 | ||
|---|---|---|---|
| 001 | CTU_137296 | ||
| 008 | 210402s9999 xx 000 0 und d | ||
| 020 | |c 87.5 | ||
| 082 | |a 372.7 | ||
| 082 | |b G558/C.2 | ||
| 100 | |a Cindy J. Boyd | ||
| 245 | 0 | |a Glencoe mathematics : | |
| 245 | 0 | |b Applications and connections : Handbook for Texas students | |
| 245 | 0 | |c Cindy J. Boyd ... [et al.] | |
| 260 | |a New York | ||
| 260 | |b Glencoe/McGraw-Hill | ||
| 260 | |c 1999 | ||
| 520 | |a This book includes 13 chapters: Chapter 1: Problem solving, algebra, and geometry; Chapter 2: Applying decimals; Chapter 3: Statistics: analyzing data; Chapter 4: Using number patterns, fractions, and percents; Chapter 5: Algebra: using integers; Chapter 6: Algebra: exploring equations and functions; Chapter 7: Applying fractions; Chapter 8: Using proportional reasoning; Chapter 9: Geometry: investigating patterns; Chapter 10: Geometry: exploring area; Chpater 11: Applying percents; Chapter 12: Geometry: finding volume and surface area: Chapter 13: Exploring discrete math and probability. | ||
| 650 | |a Mathematics,Toán học | ||
| 650 | |x Study and teaching ( Elementary ),Học và giảng dạy ( Tiểu học ) | ||
| 904 | |i Giang | ||
| 980 | |a Trung tâm Học liệu Trường Đại học Cần Thơ | ||